000 00682nam a2200205Ia 4500
003 GCL
008 140319s9999 xx 000 0 ara d
040 _aGCL /
_cGCL
082 0 4 _aق
_b962
_bر ت
100 1 _aماجد الشيخ
245 1 0 _aاجراس المتاريس (73) /
_cماجد الشيخ
260 _a[S.N] :
_bشركة كاظم للنشر والترجمة والتوزيع ،
_c1983
300 _a116 ص
490 _aتاريخ المصريين
_v0
650 0 4 _aالشعر العربى
650 0 4 _aالادب العربى
650 0 4 _aالقصائد والدواوين
650 0 4 _aالشعر العربى - العصر الحديث
942 _2ddc
_cBK
999 _c32633
_d32633